| 000 | 00950nam a2200181 a 4500 | ||
|---|---|---|---|
| 008 | 160622s2012 ||||||||||||||||| || u | ||
| 050 | _aZAM Z 711.2 LUN | ||
| 100 | _aLungu, Charles B. M | ||
| 245 | 1 | 0 |
_aDeveloping an Information Literacy Programme for Lifelong Learning: Information Literacy Toolkits for African Universities _cby Charles B M Lungu & Babakisi Fidzani |
| 260 |
_aKitwe _bCopperbelt University _c2012 |
||
| 300 | _avii,67p.:ill. | ||
| 500 | _aIncludes Glossary | ||
| 650 | _aINFORMATION LITERACY--STUDY AND TEACHING | ||
| 650 | _aLIBRARIANSHIP--ZAMBIA | ||
| 710 | _aCopperbelt University | ||
| 995 |
_aSPECIAL COLLECTIONS _e2255 _FCBU-MAIN LIBRARY (Kitwe) _jZAM Z 711.2 LUN _M1 _UAVAILABLE _WJun 22, 2016 _XCopperbelt University (Staff) _yB2255 _ZZambiana Collection |
||
| 995 |
_aSPECIAL COLLECTIONS _e3985 _FCBU-MAIN LIBRARY (Kitwe) _jZAM Z 711.2 LUN _M2 _UAVAILABLE _WMay 22, 2019 _XCopperbelt University (Staff) _yB3985 _ZZambiana Collection |
||
| 999 |
_c63471 _d63471 |
||